Biblioteca

Periodistas, guerra y terrorismo (Registro nro. 70828)

Detalles MARC
000 -LÍDER
Campo fijo de descripción fija 02140nam a2200385 i 4500
001 - NÚMERO DE CONTROL
Campo de control 768714001
003 - IDENTIFICADOR DEL NÚMERO DE CONTROL
Campo de control CO-MdFUSB
005 - FECHA Y HORA DE LA ULTIMA TRANSACCIÓN
control field 20250711175332.0
007 - CAMPO FIJO DE DESCRIPCIÓN FIJA--INFORMACIÓN GENERAL
Campo fijo de descripción fija ta
008 - ELEMENTOS DE LONGITUD FIJA -- INFORMACIÓN GENERAL
Campo fijo de descripción fija -- Información general 240814t2003 ck |||| |||| 00| 0 spa d
020 ## - NÚMERO INTERNACIONAL NORMALIZADO PARA LIBROS
Número Internacional Normalizado del libro 958-42-0511-0
040 ## - FUENTE DE CATALOGACIÓN
Agencia de catalogación original CO-MdFUSB
Idioma de catalogación spa
Agencia que realiza la transcripción CO-MdFUSB
Agencia que realiza la modificación CO-MdFUSBC
Convenciones de la descripción rda
041 ## - CÓDIGO DE IDIOMA
Código de idioma para texto/pista de sonido o título separado spa
082 ## - NÚMERO DE CLASIFICACIÓN DECIMAL DEWEY
Número de la edición del Dewey 23
Número de clasificación 070.449
Clave de autor-Numero de item G516
100 ## - ASIENTO PRINCIPAL--NOMBRE PERSONAL
Nombre personal Giraldo de Melo, Diana Sofía,
Término relacionador autor
245 ## - TÍTULO
Título del Material Periodistas, guerra y terrorismo
Mención de responsabilidad, etc. / Diana Sofía Giraldo de Melo , Ismael Roldán V. , Miguel Ángel Flórez G.
250 ## - MENCIÓN DE EDICIÓN
Mención de edición primera edición
264 #1 - PRODUCCIÓN, PUBLICACIÓN, DISTRIBUCIÓN, MANUFACTURA, Y COPYRIGHT
Nombre del productor, publicador, distribuidor Planeta Colombiana,
Lugar de producción, publicación, distribución, manufactura Bogotá, Colombia :
Fecha de producción, publicación, distribución, manufactura, o copyright [2003]
264 #4 - PRODUCCIÓN, PUBLICACIÓN, DISTRIBUCIÓN, MANUFACTURA, Y COPYRIGHT
Nombre del productor, publicador, distribuidor Universidad Sergio Arboleda,
Fecha de producción, publicación, distribución, manufactura, o copyright ©2003
300 ## - DESCRIPCIÓN FÍSICA
Extensión 192 páginas
Dimensiones ; 21 cm
336 ## - TIPO DE CONTENIDO
Fuente rdacontent
Término de tipo de contenido texto
Código de tipo de contenido txt
337 ## - TIPO DE MEDIO
Fuente rdamedia
Nombre del tipo de medio sin mediación
Código del tipo de medio n
338 ## - TIPO DE SOPORTE
Fuente rdacarrier
Nombre del tipo de soporte volumen
Código Tipo de soporte nc
490 ## - MENCIÓN DE SERIE
Mención de serie Primera Plana,
505 ## - NOTA DE CONTENIDO
Título No todo lo que se informa es terrorismo:
Nota de contenido con formato preestablecido Los atentados terroristas del 11 de septiembre en Estados Unidos y el uso del término terrorista en Colombia. -- Usos y abusos del termino terrorismo. -- El tratamiento informativo del dolor. -- El conflicto armado y el miedo en los periodistas. -- El Derecho Internacional Humanitario y la contextualización del acto violento. -- Conductas informativas. -- Comentarios finales.
Título En sus propias palabras.
Nota de contenido con formato preestablecido Entrevista a Andrés París, de las FARC. -- Entrevista a Simón Trinidad, de las FARC. -- Entrevista a Raúl Reyes, de las FARC. -- Entrevista a Carlos Antonio Lozada, de las FARC. -- Entrevista a Ramiro Vargas, del ELN. -- Entrevista a Carlos Castaño, de las AUC.
Título Lo que dicen y lo que no dicen las entrevistas:
Nota de contenido con formato preestablecido La relación periodista-fuente. -- Neutralidad periodística. -- Prensa y monopolios. -- Los grupos armados y el terrorismo. -- El lenguaje.
563 ## - NOTA DE ENCUADERNACIÓN
Nota de encuadernación Rústico
653 ## - TÉRMINO DE INDIZACIÓN - NO CONTROLADO
Término no controlado Periodismo- aspectos sociales
653 ## - TÉRMINO DE INDIZACIÓN - NO CONTROLADO
Término no controlado Periodismo de guerras
653 ## - TÉRMINO DE INDIZACIÓN - NO CONTROLADO
Término no controlado Conflictos armados
653 ## - TÉRMINO DE INDIZACIÓN - NO CONTROLADO
Término no controlado Cobertura periodística
700 ## - ASIENTO SECUNDARIO - NOMBRE PERSONAL
Nombre personal Roldán Valencia, Ismael,
9 (RLIN) 10558
Responsabilidad autor
700 ## - ASIENTO SECUNDARIO - NOMBRE PERSONAL
Nombre personal Flórez Góngora, Miguel Ángel,
9 (RLIN) 10559
Responsabilidad autor
942 ## - TIPO DE MATERIAL (KOHA)
Tipo de Item KOHA Libros General
945 ## - INFORMACIÓN LOCAL DEL REGISTRO
Catalogador JTF-925
Existencias
Estado de Material Estado de Perdido Forma de Clasificación Estado de Dañado No para Préstamo Colección Biblioteca de Origen Biblioteca Permanente Fecha de Adquisición Área Total de Préstamos Signatura Topográfica Código de Barras Última vez visto Ejemplar/Existencia Fecha de Remplazo Tipo de Material
    Dewey Decimal Classification     Colección General Biblioteca FUSBC Biblioteca FUSBC 14/08/2024 INVESTIGACIÓN   G 070.449 G516p 22182 14/08/2024 Ej. 1 14/08/2024 Libros General

Biblioteca FUSBC | Teléfono: (57+4) 349 88 10 Ext. 141| WhatsApp (+57) 3005338115 
E-mail: biblioteca@unisbc.edu.co | Calle 76 87-14 Robledo Palenque, Medellín, Colombia

Con tecnología Koha